<?xml version="1.0" encoding="UTF-8"?>
<record
    xmlns:xsi="http://www.w3.org/2001/XMLSchema-instance"
    xsi:schemaLocation="http://www.loc.gov/MARC21/slim http://www.loc.gov/standards/marcxml/schema/MARC21slim.xsd"
    xmlns="http://www.loc.gov/MARC21/slim">

  <leader>02560nam a22004337a 4500</leader>
  <controlfield tag="003">CHAP</controlfield>
  <controlfield tag="005">20240520121145.0</controlfield>
  <controlfield tag="007">ta</controlfield>
  <controlfield tag="008">220805s2019    mx ebdofr|||| 001 0 spa d</controlfield>
  <datafield tag="040" ind1=" " ind2=" ">
    <subfield code="a">mxchpua</subfield>
  </datafield>
  <datafield tag="090" ind1=" " ind2=" ">
    <subfield code="a">T.C.828</subfield>
    <subfield code="b">R49 EIUPA</subfield>
    <subfield code="c">2019</subfield>
  </datafield>
  <datafield tag="245" ind1="1" ind2="0">
    <subfield code="a">Empresa cervecera Mela's Craft Beer, Bogot&#xE1;, Colombia /</subfield>
    <subfield code="c">coordinadora Diana Am&#xE9;rica Reyna Izaguirre ; colaboradores Alondra Bautista Hern&#xE1;ndez...[et al.]</subfield>
  </datafield>
  <datafield tag="260" ind1=" " ind2=" ">
    <subfield code="a">Chapingo, M&#xE9;xico :</subfield>
    <subfield code="b">El autor,</subfield>
    <subfield code="c">2019</subfield>
  </datafield>
  <datafield tag="300" ind1=" " ind2=" ">
    <subfield code="a">140 hojas : </subfield>
    <subfield code="b">ilustraciones, gr&#xE1;ficas, mapas, fotos +</subfield>
    <subfield code="e">1 CD-ROM</subfield>
  </datafield>
  <datafield tag="336" ind1=" " ind2=" ">
    <subfield code="2">rdacontent</subfield>
    <subfield code="a">texto</subfield>
    <subfield code="b">txt</subfield>
  </datafield>
  <datafield tag="337" ind1=" " ind2=" ">
    <subfield code="2">rdamedia</subfield>
    <subfield code="a">no mediado</subfield>
    <subfield code="b">n</subfield>
  </datafield>
  <datafield tag="338" ind1=" " ind2=" ">
    <subfield code="2">rdacarrier</subfield>
    <subfield code="a">volumen</subfield>
    <subfield code="b">nc</subfield>
  </datafield>
  <datafield tag="500" ind1=" " ind2=" ">
    <subfield code="a">Grado 7&#xB0; Grupo 5</subfield>
  </datafield>
  <datafield tag="502" ind1=" " ind2=" ">
    <subfield code="a">Viaje de Estudios</subfield>
    <subfield code="b">(EIUPA) --</subfield>
    <subfield code="c">UACh. Departamento de Ingenier&#xED;a Agroindustrial,</subfield>
    <subfield code="d">2019</subfield>
  </datafield>
  <datafield tag="504" ind1=" " ind2=" ">
    <subfield code="a">Bibliograf&#xED;a: h. 135-140</subfield>
  </datafield>
  <datafield tag="505" ind1="0" ind2=" ">
    <subfield code="a">6 planos: -- 
1. Plano de Distribuci&#xF3;n de &#xE1;reas -- 
2. Plano de Distribuci&#xF3;n de equipo --
3. Plano de Diagrama de recorrido --
4. Plano de Diagrama de recorrido propuesto --
5. Plano DTI --
6. Plano Diagrama de flujo</subfield>
  </datafield>
  <datafield tag="650" ind1="1" ind2="3">
    <subfield code="a">Industria cervecera</subfield>
    <subfield code="z">Colombia</subfield>
    <subfield code="z">Bogot&#xE1;</subfield>
  </datafield>
  <datafield tag="650" ind1="1" ind2="3">
    <subfield code="9">185249</subfield>
    <subfield code="a">Calidad de la cerveza</subfield>
  </datafield>
  <datafield tag="650" ind1="1" ind2="3">
    <subfield code="a">Elaboraci&#xF3;n de cerveza  </subfield>
    <subfield code="x">Calidad del procesamiento</subfield>
  </datafield>
  <datafield tag="650" ind1="1" ind2="3">
    <subfield code="a">Cervezas  </subfield>
    <subfield code="z">Colombia</subfield>
  </datafield>
  <datafield tag="650" ind1="1" ind2="3">
    <subfield code="a">Brewing industry  </subfield>
    <subfield code="z">Colombia</subfield>
    <subfield code="z">Bogot&#xE1;</subfield>
  </datafield>
  <datafield tag="650" ind1="1" ind2="3">
    <subfield code="9">185250</subfield>
    <subfield code="a">Beer quality</subfield>
  </datafield>
  <datafield tag="650" ind1="1" ind2="3">
    <subfield code="a">Brewing  </subfield>
    <subfield code="x">Processing quality</subfield>
  </datafield>
  <datafield tag="650" ind1="1" ind2="3">
    <subfield code="a">Beers  </subfield>
    <subfield code="z">Colombia</subfield>
  </datafield>
  <datafield tag="700" ind1="1" ind2=" ">
    <subfield code="a">Reyna Izaguirre, Diana America</subfield>
    <subfield code="e">coordinadora</subfield>
    <subfield code="9">97046</subfield>
  </datafield>
  <datafield tag="700" ind1="1" ind2=" ">
    <subfield code="9">185345</subfield>
    <subfield code="a">Bautista Hern&#xE1;ndez, Alondra</subfield>
    <subfield code="e">colaboradora</subfield>
  </datafield>
  <datafield tag="856" ind1="4" ind2="1">
    <subfield code="y">DESCARGAR PLANO DE DISTRIBUCI&#xD3;N DE &#xC1;REAS</subfield>
    <subfield code="u">http://10.13.5.2/ve/T_C_828_EIUPA/T_C_828_EIUPA_2019_PLANO_AREAS-Modelo_1.pdf</subfield>
  </datafield>
  <datafield tag="856" ind1="4" ind2="1">
    <subfield code="y">DESCARGAR PLANO DE DISTRIBUCI&#xD3;N DE EQUIPO</subfield>
    <subfield code="u">http://10.13.5.2/ve/T_C_828_EIUPA/T_C_828_EIUPA_209_PLANO_DISTRIBUCION_DE_EQUIPO-Modelo_1.pdf</subfield>
  </datafield>
  <datafield tag="856" ind1="4" ind2="1">
    <subfield code="y">DESCARGAR PLANO DE DIAGRAMA DE RECORRIDO</subfield>
    <subfield code="u">http://10.13.5.2/ve/T_C_828_EIUPA/T_C_828_EIUPA_2019_PLANO_DIAGRAMA_DE_RECORRIDO-Modelo_1.pdf</subfield>
  </datafield>
  <datafield tag="856" ind1="4" ind2="1">
    <subfield code="y">DESCARGAR PLANO DE DIAGRAMA DE RECORRIDO PROPUESTO</subfield>
    <subfield code="u">10.13.5.2/ve/T_C_828_EIUPA/T_C_828_EIUPA_2019_PLANO_DIAGRAMA_DE_RECORRIDO_PROPUESTO-Modelo_1.pdf</subfield>
  </datafield>
  <datafield tag="856" ind1="4" ind2="1">
    <subfield code="y">DESCARGAR PLANO DTI</subfield>
    <subfield code="u">http://10.13.5.2/ve/T_C_828_EIUPA/T_C_828_EIUPA_2019_PLANO__DTI-Modelo_1.pdf</subfield>
  </datafield>
  <datafield tag="856" ind1="4" ind2="1">
    <subfield code="y">DESCARGAR PLANO DIAGRAMA DE FLUJO</subfield>
    <subfield code="u">http://10.13.5.2/ve/T_C_828_EIUPA/T_C_828_EIUPA_2019_PLANO_DIAGRAMA_DE_FLUJO-Modelo_1.pdf</subfield>
  </datafield>
  <datafield tag="856" ind1="4" ind2="1">
    <subfield code="y">DESCARGAR REPORTE</subfield>
    <subfield code="u">http://10.13.5.2/ve/T_C_828_EIUPA/T_C_828_EIUPA_2019_REPORTE.pdf</subfield>
  </datafield>
  <datafield tag="999" ind1=" " ind2=" ">
    <subfield code="c">217563</subfield>
    <subfield code="d">217563</subfield>
  </datafield>
  <datafield tag="952" ind1=" " ind2=" ">
    <subfield code="0">0</subfield>
    <subfield code="1">0</subfield>
    <subfield code="2">local</subfield>
    <subfield code="4">0</subfield>
    <subfield code="5">1</subfield>
    <subfield code="7">0</subfield>
    <subfield code="8">VE</subfield>
    <subfield code="a">IA_</subfield>
    <subfield code="b">IA_</subfield>
    <subfield code="d">2022-08-05</subfield>
    <subfield code="e">El autor</subfield>
    <subfield code="l">0</subfield>
    <subfield code="o">T.C.828 R49 EIUPA 2019</subfield>
    <subfield code="p">1106013502</subfield>
    <subfield code="r">2026-01-26 00:00:00</subfield>
    <subfield code="t">Ej. 1</subfield>
    <subfield code="y">VE</subfield>
  </datafield>
  <datafield tag="952" ind1=" " ind2=" ">
    <subfield code="0">0</subfield>
    <subfield code="1">0</subfield>
    <subfield code="2">local</subfield>
    <subfield code="4">0</subfield>
    <subfield code="5">1</subfield>
    <subfield code="7">0</subfield>
    <subfield code="8">VE</subfield>
    <subfield code="a">IA_</subfield>
    <subfield code="b">IA_</subfield>
    <subfield code="d">2022-08-05</subfield>
    <subfield code="e">El autor</subfield>
    <subfield code="l">0</subfield>
    <subfield code="o">T.C.828 R49 EIUPA 2019</subfield>
    <subfield code="p">1106013503</subfield>
    <subfield code="r">2022-08-05 00:00:00</subfield>
    <subfield code="t">Ej. 2</subfield>
    <subfield code="y">CD</subfield>
  </datafield>
  <datafield tag="952" ind1=" " ind2=" ">
    <subfield code="0">0</subfield>
    <subfield code="1">0</subfield>
    <subfield code="2">local</subfield>
    <subfield code="4">0</subfield>
    <subfield code="7">0</subfield>
    <subfield code="8">VEE</subfield>
    <subfield code="a">IA_</subfield>
    <subfield code="b">IA_</subfield>
    <subfield code="c">E_L</subfield>
    <subfield code="d">2023-02-24</subfield>
    <subfield code="e">El autor</subfield>
    <subfield code="l">0</subfield>
    <subfield code="o">T.C.828 R49 EIUPA 2019</subfield>
    <subfield code="p">1206013502</subfield>
    <subfield code="r">2023-02-24 00:00:00</subfield>
    <subfield code="w">2023-02-24</subfield>
    <subfield code="y">VEE</subfield>
  </datafield>
</record>
